000 00649nam a2200241Ia 4500
003 OSt
005 20221007064557.0
006 a|||||r|||| 00| 0
007 ta
008 221006b |||||||| |||| 00| 0 eng d
024 _a12,435
037 _cReports / Technical Reports
040 _aFLL
_cFLL
_beng
041 _2eng
_aeng
082 _aV2:91:Z, M5.66
100 _aGanesan K. Au.
_9685996
245 0 _aElection law report
260 _aDelhi
_bIndia
_c1985
300 _a306p
_ccm.
490 _vVol. LXVI
942 _hV2:91:Z, M5.66
_cREP
_2CC
999 _c1134513
_d1134513